The multimillion euro question (Record no. 83723)

MARC details
000 -LEADER
fixed length control field 00841cab a22002295a 4500
001 - CONTROL NUMBER
control field L154831
008 - FIXED-LENGTH DATA ELEMENTS--GENERAL INFORMATION
fixed length control field 120123e20120120xxk f 000 0 eng d
035 ## - SYSTEM CONTROL NUMBER
System control number (Sirsi) u154831
041 0# - LANGUAGE CODE
Language code of text/sound track or separate title eng
100 1# - MAIN ENTRY--PERSONAL NAME
Personal name Wright, Emily
245 04 - TITLE STATEMENT
Title The multimillion euro question
260 ## - PUBLICATION, DISTRIBUTION, ETC.
Date of publication, distribution, etc. 2012
490 ## - SERIES STATEMENT
Series statement Building
Volume/sequential designation 277 (8711) 20 January 2012, 36-38(3)
520 ## - SUMMARY, ETC.
Summary, etc. Examines what happens to contracts written in euros; asks what happens if the single currency fails. Most European companies have some contracts written in euros; asks how real is the risk; the contingency; views from an international construction law expert and a German law firm.
590 ## - LOCAL NOTE (RLIN)
Local note KA
651 #4 - SUBJECT ADDED ENTRY--GEOGRAPHIC NAME
Geographic name Europe
690 ## - LOCAL SUBJECT ADDED ENTRY--TOPICAL TERM (OCLC, RLIN)
Topical term or geographic name as entry element Contracts
9 (RLIN) 6232
690 ## - LOCAL SUBJECT ADDED ENTRY--TOPICAL TERM (OCLC, RLIN)
Topical term or geographic name as entry element Construction management
9 (RLIN) 6230
700 1# - ADDED ENTRY--PERSONAL NAME
Personal name Helps, Dominic
700 1# - ADDED ENTRY--PERSONAL NAME
Personal name Everding, Martin
942 ## - ADDED ENTRY ELEMENTS (KOHA)
Suppress in OPAC 0
Holdings
Withdrawn status Lost status Source of classification or shelving scheme Damaged status Not for loan Home library Current library Shelving location Date acquired Total Checkouts Full call number Barcode Date last seen Copy number Price effective from Koha item type
    Dewey Decimal Classification     London London Journal article 23/01/2012   L154831 154831-1001 06/08/2019 1 06/08/2019 Journal article